Guess the Celebrity by Picture - Letter D - Statistics

General Stats
  • This quiz has been taken 421 times
    381 since last reset
  • The average score is 9 of 16
Answer Stats
Picture Answer % Correct
Dwayne Johnson
95%
Daniel Radcliffe
87%
Dua Lipa
77%
David Beckham
73%
David Bowie
73%
Dakota Johnson
64%
Demi Lovato
63%
Diego Maradona
59%
Demi Moore
56%
Drew Barrymore
51%
Dolly Parton
47%
Dwight Eisenhower
47%
Dustin Hoffman
32%
Douglas MacArthur
25%
Doris Day
24%
Debra Messing
7%
No matching quizzes found
Score Distribution
Percent of People with Each Score
Percentile by Number Answered
Your Score History
You have not taken this quiz since the last reset